El pensamiento político de saint-simon / ed. e introd. de ghita ionescu :

Guardado en:
Autor Principal: Saint-simon, Claude-henri de
Otros Autores: Ionescu, Ghita, ed. introd., Melchor, Carlos, trad., Rodríguez Regueira, Leopoldo, trad.
Formato: Libro
Publicado: México : Fondo de Cultura Económica, 1983
Materias:
Etiquetas: Agregar Etiqueta
Sin Etiquetas, Sea el primero en etiquetar este registro!
LEADER 00870nam a22002295a 4500
001 EHU.bham044142
003 AR-BHAM
005 20160715131442.0
008 130507s1983##################000#0#####d
020 |a 9681615956 
082 1 9 |a 194 
100 1 |a Saint-simon, Claude-henri de 
245 1 0 |a El pensamiento político de saint-simon /  |b ed. e introd. de ghita ionescu :  |c  Claude-henri De Saint-simon : 
260 |a México :  |b Fondo de Cultura Económica,  |c 1983 
300 |a 267 p. 
500 |a Este ejemplar tiene las siguientes páginas en blanco por error de impresión:34-35 / 38-39 / 42-43 / 46-47 
653 |a Filosofía francesa 
653 |a Sociología moderna 
700 1 |a Ionescu, Ghita, ed. introd. 
700 1 |a Melchor, Carlos, trad. 
700 1 |a Rodríguez Regueira, Leopoldo, trad. 
859 |a AR-BHAM  |b BIB. HUMANIDADES - General  |h 194  |i Sa22-1  |p 334.16  |t Ej.1